Cosas y gentes / (Record no. 188075)

MARC details
000 -LEADER
campo de control de longitud fija 00753nam a2200229 i 4500
001 - NÚMERO DE CONTROL
campo de control 188075
003 - IDENTIFICADOR DE NÚMERO DE CONTROL
campo de control SpMaBN
005 - FECHA Y HORA DE LA ÚLTIMA TRANSACCIÓN
campo de control 20240422151351.0
008 - DATOS DE LONGITUD FIJA--INFORMACIÓN GENERAL
campo de control de longitud fija 180424s1979 sp ac |||| |cspa d
020 ## - NÚMERO INTERNACIONAL ESTÁNDAR DEL LIBRO
Número Internacional Estándar del Libro 84-239-4954-0
080 ## - NÚMERO DE LA CLASIFICACIÓN DECIMAL UNIVERSAL
Número de la Clasificación Decimal Universal 929 (100)"19"
100 1# - ENTRADA PRINCIPAL--NOMBRE DE PERSONA
Nombre de persona Madariaga, Salvador de,
Fechas asociadas al nombre 1886-1978
9 (RLIN) 75292
245 10 - MENCIÓN DEL TÍTULO
Título Cosas y gentes /
Mención de responsabilidad, etc. Salvador de Madariaga.
260 ## - PUBLICACIÓN, DISTRIBUCIÓN, ETC.
Lugar de publicación, distribución, etc. Madrid :
Nombre del editor, distribuidor, etc. Espasa-Calpe,
Fecha de publicación, distribución, etc. 1979.
300 ## - DESCRIPCIÓN FÍSICA
Extensión 2 v. :
Otras características físicas il, retr. ;
Dimensiones 23 cm.
505 8# - NOTA DE CONTENIDO CON FORMATO
Nota de contenido con formato Contiene: I ;
Título El libro de los prohombres - II ;
-- El libro de las procosas
650 04 - PUNTO DE ACCESO ADICIONAL DE MATERIA--TÉRMINO DE MATERIA
Término de materia o nombre geográfico como elemento de entrada Biografía-
Subdivisión cronológica S.XX
9 (RLIN) 10577
740 32 - ENTRADA AGREGADA--TÍTULO RELACIONADO/ANALÍTICO NO CONTROLADO
Título relacionado o analítico no controlado El libro de los prohombres.
740 32 - ENTRADA AGREGADA--TÍTULO RELACIONADO/ANALÍTICO NO CONTROLADO
Título relacionado o analítico no controlado El libro de las procosas.
852 ## - LOCALIZACIÓN
Ubicación ES-MaACL
Número de control de estantería L-31966-67
Nota libre - Enc. guaflex
Holdings
Estatus retirado Estado de pérdida Estado de daño No para préstamo Biblioteca de origen Biblioteca actual Ubicación en estantería Fecha de adquisición Fuente de adquisición Total de préstamos Signatura topográfica completa Código de barras Visto por última vez Precio de reemplazo Tipo de ítem Koha
        Biblioteca del Ateneo de Madrid Biblioteca del Ateneo de Madrid Depósito 2 24/04/2018     L-31966-67 1198766 23/02/2023 23/02/2023 Libro impreso